| 000 | 00606nam a2200169 a 4500 | ||
|---|---|---|---|
| 008 | 120416s1985 ||||||||||||||||| || u | ||
| 020 | _a0866564780 | ||
| 050 | _aZ 678 Exc | ||
| 100 | _aGeorgi, Charlottee | ||
| 245 | 1 | 0 |
_aExcellence in library management _cedited by Charlottee Georgi |
| 260 |
_aNew York: _bThe Haworth Press _c1985 |
||
| 300 | _axxii, 71p. | ||
| 350 | _a0.00 | ||
| 650 | _aLibrary administration | ||
| 700 | _aBellanti, Ronert | ||
| 995 |
_D0.00 _FCBU-MAIN LIBRARY (Kitwe) _H1 _I19.15 _M1 _UAVAILABLE _ZMain Library Open Access Collection |
||
| 999 |
_c42819 _d42819 |
||